000 00417nam a2200169Ia 4500
008 230711s9999||||xx |||||||||||||| ||und||
020 _a978-81-318-0842-9
041 _aENG
082 _a510
_bBA-E
100 _aBali,N.P
245 2 _aA textbook of engineering Mathematics I
250 _a7th Ed.
260 _c2013
_aNew Delhi
_bLaxmi Publications(P) Ltd
300 _a612
650 _aMathematics
942 _cBK
999 _c5617
_d5617